000 00531nam a2200193Ia 4500
003 OSt
005 20251212101624.0
008 250729s1995 xx 000 0 und d
040 _cAL
041 _akan
082 _a574.2 MURY
100 _aಮೂರ್ತಿ ಬಿ ಎನ್
_9226906
245 _aಯಾವ ವ್ಯಾಧಿಗೆ ಯಾವ ಹಣ್ಣು?
260 _aಬೆಂಗಳೂರು
_c1995
300 _a64p
650 _aFood & Nutrition
_9226907
700 _aRao Digumurthi
_9226908
942 _2ddc
_cBED
999 _c237464
_d237464